The Code of Criminal Procedure, 1898: (Record no. 586964)
[ view plain ]
| 000 -LEADER | |
|---|---|
| fixed length control field | 00418nam a22001337a 4500 |
| 082 ## - DEWEY DECIMAL CLASSIFICATION NUMBER | |
| Classification number | 345.5491 SHA |
| 100 ## - MAIN ENTRY--PERSONAL NAME | |
| Personal name | Shaukat, Nadeem |
| 245 ## - TITLE STATEMENT | |
| Title | The Code of Criminal Procedure, 1898: |
| Remainder of title | (Bare Act) As Amended up to 2021 / |
| Statement of responsibility, etc. | Nadeem Shaukat |
| 260 ## - PUBLICATION, DISTRIBUTION, ETC. | |
| Place of publication, distribution, etc. | Lahore : |
| Name of publisher, distributor, etc. | Legal Research Centre, |
| Date of publication, distribution, etc. | 2021. |
| 300 ## - PHYSICAL DESCRIPTION | |
| Extent | 415 p. ; |
| Dimensions | 24 cm. |
| 942 ## - ADDED ENTRY ELEMENTS (KOHA) | |
| Source of classification or shelving scheme | |
| Koha item type | Book |
| Withdrawn status | Lost status | Source of classification or shelving scheme | Damaged status | Not for loan | Permanent Location | Current Location | Shelving location | Date acquired | Source of acquisition | Total Checkouts | Total Renewals | Full call number | Barcode | Date last seen | Date last checked out | Price effective from | Koha item type |
|---|---|---|---|---|---|---|---|---|---|---|---|---|---|---|---|---|---|
| NUST Law School (NLS) | NUST Law School (NLS) | Law | 12/02/2021 | Pakistan Law House | 1 | 2 | 345.5491 SHA | CL-866 | 06/03/2025 | 10/07/2023 | 12/02/2021 | Book |
